|
|
|
|
| LEADER |
00927cam a2200253 7i4500 |
| 001 |
0000034190 |
| 005 |
20170327090000.0 |
| 007 |
##ta |
| 008 |
170327t20162016flu ob 000 0 eng d |
| 020 |
# |
# |
|a 9781498746564
|
| 040 |
# |
# |
|a MiAaPQ
|
| 090 |
0 |
0 |
|a I 622.8
|b DHI
|
| 100 |
1 |
# |
|a Dhillon, B. S.,
|d 1947-
|e author
|q (Balbir S.)
|
| 245 |
1 |
0 |
|a SAFETY AND RELIABILITY IN THE OIL AND GAS INDUSTRY :
|b a PRACTICAL APPROACH
|c B. S. Dhillon.
|
| 264 |
# |
4 |
|a ♭2016.
|
| 264 |
# |
1 |
|a Boca Raton, Florida:
|b CRC Press,
|c 2016.
|
| 300 |
# |
# |
|a 225 pages:
|b illustrations;
|c 25 cm.
|
| 336 |
# |
# |
|a text
|2 rdacontent
|
| 337 |
# |
# |
|a unmediated
|2 rdamedia
|
| 338 |
# |
# |
|a volume
|2 rdacarrier
|
| 504 |
# |
# |
|a Includes bibliographical references
|
| 650 |
# |
0 |
|a Petroleum industry and trade --
|x Equipment and supplies --
|x Reliability
|
| 650 |
# |
0 |
|a Petroleum industry and trade --
|x Safety measures
|
| 999 |
|
|
|a 0000038737
|b Book
|c International
|e Business Information Centre
|